Az innováció finanszírozása – kockázati tőkével finanszírozott hazai startup vállalatok jellemzőinek kvantitatív és kvalitatív vizsgálata
| Szerző: | |
|---|---|
| További közreműködők: | |
| Dokumentumtípus: | TDK dolgozat |
| Kulcsszavak: | finanszírozás finanszírozási kör innováció kockázati tőke startup |
| Online Access: | http://dolgozattar.uni-bge.hu/60413 |
MARC
| LEADER | 00000nta a2200000 i 4500 | ||
|---|---|---|---|
| 001 | dolg60413 | ||
| 005 | 20260416073643.0 | ||
| 008 | 260416suuuu hu o 000 hun d | ||
| 040 | |a BGE Dolgozattár Repozitórium |b hun | ||
| 041 | |a hu | ||
| 100 | 1 | |a Horváth Kornél | |
| 245 | 1 | 3 | |a Az innováció finanszírozása – kockázati tőkével finanszírozott hazai startup vállalatok jellemzőinek kvantitatív és kvalitatív vizsgálata |c Horváth Kornél |h [elektronikus dokumentum] |
| 516 | |a Students_Scientific_Association_paper | ||
| 520 | 3 | |a Az elmúlt években egyre nagyobb figyelem irányult a fiatal, gyors növekedésű vállalatokra, azaz a startupokra. E vállalkozások a bennük rejlő növekedési potenciál kiaknázása érdekében gyakran külső forrásból vonnak be tőkét, melyek közül az egyik leggyakoribb formát az intézményes kockázati tőke jelenti. Kutatásomban a kockázati tőkével finanszírozott hazai startupok jellemzőit vizsgáltam. Elsősorban a befektetési, illetve tőkebevonási folyamat felépítését térképeztem fel, majd arra kerestem választ, hogy a kockázati tőke bevonása rövid távon kimutatható hatással van-e a startupok növekedésére. A kutatás során kevert módszertant alkalmaztam, amely lehetővé tette a téma több szempontú megközelítését. Egyrészt kvalitatív kutatás keretében interjúkat készítettem olyan startupalapítókkal, akik az elmúlt években legalább egy kockázati tőke bevonási folyamaton végigmentek. A témát a másik oldalról is megvizsgáltam: interjút készítettem hazai kockázati tőkebefektető társaságok szakembereivel is. Ezek az interjúk segítettek megérteni, hogyan zajlik a kockázati tőkebefektetés folyamata mind a befektetők, mind a startupok szemszögéből. A kvalitatív megközelítést kvantitatív kutatás egészítette ki. Ennek során különböző forrásokból 146 magyar startup összesen 190 kockázati tőkefinanszírozását gyűjtöttem össze a 2015 és 2024 közötti időszakból. Az így létrehozott adatbázis lehetőséget adott a három kutatási kérdésemhez kapcsolódó öt hipotézis tesztelésére. A vizsgálat során elemeztem, hogy a kockázati tőke bevonása hatással van-e a startupok árbevételére, alkalmazotti létszámára és mérlegfőösszegére, továbbá azt is, hogy a finanszírozási összeg és az árbevétel-növekedés között fennáll-e pozitív kapcsolat. Emellett azt is megvizsgáltam, hogy a vállalatok alapításától az első befektetési körig (Pre-seed) eltelt idő tekintetében van-e különbség a budapesti és vidéki startupok között. Az eredmények alapján a startupok árbevétele, mérlegfőösszege és létszáma szignifikánsan magasabb volt a finanszírozást követő évben, mint az azt megelőzőben. A Seed körös befektetések esetében továbbá pozitív, szignifikáns, közepesnél valamivel gyengébb korreláció mutatkozott a finanszírozás összege és az árbevétel növekedése között. Ugyanakkor az első körös befektetés megszerzéséig eltelt idő alapján nem volt kimutatható különbség a startupok között székhelyük – budapesti vagy vidéki – szerint. | |
| 695 | |a finanszírozás | ||
| 695 | |a finanszírozási kör | ||
| 695 | |a innováció | ||
| 695 | |a kockázati tőke | ||
| 695 | |a startup | ||
| 700 | 1 | |a Németh Dr. Krisztina |e ths | |
| 700 | 1 | |a Ország dr. Adrienn |e ths | |
| 856 | 4 | 0 | |u http://dolgozattar.uni-bge.hu/60413/1/Horv%C3%A1th_Korn%C3%A9l_PSZK.pdf |z Dokumentum-elérés |
| 856 | 4 | 0 | |u http://dolgozattar.uni-bge.hu/60413/2/Horv%C3%A1th_Korn%C3%A9l_PSZK.docx |z Dokumentum-elérés |
| 856 | 4 | 0 | |u http://dolgozattar.uni-bge.hu/60413/3/B%C3%ADr%C3%A1lat_Horv%C3%A1thKorn%C3%A9l_2025TDK_Benoist.pdf |z Dokumentum-elérés |
| 856 | 4 | 0 | |u http://dolgozattar.uni-bge.hu/60413/4/Horv%C3%A1th_Korn%C3%A9l_HSZ.pdf |z Dokumentum-elérés |